Statistics for Every Country in WWII

Click here to take the quiz!

General Stats

  • This quiz has been taken 135 times
    (67 since last reset)
  • The average score is 59 of 88

Answer Stats

DateFactionCountry% Correct
9/3/39AlliesUnited Kingdom
96%
9/1/39AxisGermany
94%
9/1/39AlliesPoland
91%
7/7/37AxisJapan
89%
12/7/41AlliesUnited States of America
89%
5/10/40AlliesBelgium
87%
9/10/39AlliesCanada
87%
7/7/37AlliesChina
87%
9/3/39AlliesFrance
87%
9/23/40AlliesFree France
87%
6/25/40AxisFrench State
87%
9/23/43AxisItalian Social Republic
87%
6/10/40AxisItaly
87%
10/13/43AlliesItaly
87%
5/10/40AlliesNetherlands
87%
12/14/37AxisProvisional Government of the Republic of China
87%
3/28/38AxisReformed Government of the Republic of China
87%
9/1/43AxisReorganized National Government of China
87%
12/13/41AxisBulgaria
85%
8/22/42AlliesBrazil
83%
10/28/40AlliesGreece
83%
4/30/41AxisHellenic State
83%
2/1/42AxisNational Government
83%
4/9/40AlliesNorway
83%
6/22/41AxisRomania
83%
4/6/41AlliesYugoslavia
83%
9/3/39AlliesAustralia
81%
10/21/43AxisFree India
81%
5/10/40AlliesLuxembourg
81%
9/17/39CominternUSSR
81%
4/9/40AlliesDenmark
79%
11/30/39AxisFinland
79%
12/3/39CominternFinnish Democratic Republic
79%
5/22/42AlliesMexico
79%
12/8/41CominternMongolia
79%
2/7/45AlliesArgentina
77%
10/17/44AxisGovernment of National Unity
77%
9/3/39AlliesNew Zealand
77%
12/7/41AlliesPanama
77%
1/20/43AlliesChile
74%
4/7/41AxisHungary
74%
9/5/39AlliesSouth Africa
74%
2/23/45AlliesTurkey
74%
9/14/43AxisAlbania
72%
11/26/43AlliesColumbia
72%
12/8/41AlliesNicaragua
72%
4/2/43AlliesBolivia
70%
12/8/41AlliesEl Salvador
70%
2/7/45AlliesParaguay
70%
2/15/45AlliesUruguay
70%
2/15/45AlliesVenezuela
70%
12/7/41AlliesCuba
68%
12/8/41AlliesDominican Republic
68%
2/2/45AlliesEcuador
68%
9/9/40AlliesEgypt
68%
12/8/41AlliesHonduras
68%
12/8/41AlliesCosta Rica
66%
9/9/43AlliesIran
66%
12/8/41AlliesHaiti
64%
5/31/41AlliesIraq
64%
5/2/41AxisIraq
64%
2/12/42AlliesPeru
64%
9/1/39AxisSlovakia
64%
3/9/45AxisVietnam
64%
12/14/42AlliesEthiopia
62%
12/8/41AlliesGuatemala
60%
2/19/42OtherPortugal
57%
3/9/45AxisKampuchea
55%
2/21/45AlliesSan Marino
55%
8/1/43AxisBurma
53%
5/10/40OtherIceland
53%
8/29/41AxisGovernment of National Salvation
51%
10/14/43AxisPhilippine Republic
51%
3/3/45AlliesSaudi Arabia
51%
12/14/41AxisCroatia
49%
4/??/42AxisLokot Autonomy
40%
1/27/44AlliesLiberia
38%
9/4/39AlliesNepal
34%
12/21/43AxisBelarusian Central Rada
32%
6/22/41CominternTanna Tuva
32%
7/7/37AxisManchuria
28%
9/1/39AlliesDanzig
26%
12/7/41AxisSiam
19%
11/12/44Comintern2nd East Turkestan Republic
9%
12/5/37AxisShanghai
9%
4/12/40OtherFaroe Islands
6%
7/7/37AxisMengjiang
6%
7/7/37AxisEast Hebei
4%

Score Distribution

Percentile by Number Answered

Percent of People with Each Score

Your Score History

You have not taken this quiz since the last reset